1980 1748 1312 1788 1387 1083 1546 1109 1547 1959 1795 1701 1031 1565 1668 1893 1913 1055 1246 1496 1026 1416 1482 1623 1492 1247 1935 1493 1844 1398 1952 1159 1932 1088 1058 1811 1164 1657 1751 1675 1861 1531 1871 1763 1081 1226 1451 1897 1601 1560 1570 1745 1597 1380 1682 1591 1978 1338 1145 1562 1261 1260 1175 1096 1143 1436 1027 1447 1583 1972 1883 1808 1685 1707 1247 1057 1058 1222 1476 1010 1975 1331 1629 1626 1605 1477 1160 1347 1430 1675 1324 1185 1050 1617 1726 1144 1074 1701 1253 BCNSPRNW ULIB Ver.6.0+V

เปลี่ยนเป็นภาษาไทย

Change to English
 แสดงรายละเอียดบรรณานุกรม
  กลับหน้าหลัก

Brief Record : Get Marc (ISO 2709) : E-mail record : QR code < ปิดหน้าต่าง
LEADER : 00000nam 2200000uu 4500
001    13399108569
003     ULIB
008    110309s2553||||th 000 0 tha d
020    9786165070300
050  4 TX652^bก152ก 2553
100 0  กรณ์กาญจน์ ภมรประวัติ
245 00 กินตามสี /^cกรณ์กาญจน์ ภมรประวัติ
260    กรุงเทพฯ : ^bหมอชาวบ้าน,^c2553
300    156 หน้า:^bภาพประกอบสี
650  7 ผัก
650  7 ผลไม้
650  7 อาหารสุขภาพ
945    ^p250^l0^i18074
995    เกษร
999    ^aใช้งานได้ทุกระบบ
รายการนี้ยังไม่มีแท็ก
คุณยังไม่ได้ล็อกอิน คุณสามารถมีกิจกรรมร่วมกับเว็บไซต์ได้ แต่ต้องล็อกอินก่อน ::
  ล็อกอิน

รายการสื่อสารสนเทศ

ลำดับที่ ประเภท เลขเรียก/บาร์โค้ด สถานที่ สถานะ
- ไม่พบข้อมูล -

รายการใกล้เคียง
    ผู้แต่ง [กรณ์กาญจน์ ภมรประวัติ]

    หัวเรื่อง [ผัก]
    หัวเรื่อง [ผลไม้]
    หัวเรื่อง [อาหารสุขภาพ]

BibComment


ยังไม่เคยถูกคอมเมนท์

คอมเมนท์ทรัพยากรรายการนี้
  คอมเมนท์: กินตามสี กรณ์กาญ..


 Copyright 2026. Bcnsprnw @Library